000 00460nam a2200145Ia 4500
008 151213s9999 xx 000 0 und d
100 _aআলম খোরশেদ।
245 _aনাটক বিষয়ে।
_cআলম খোরশেদ।
260 _aঢাকা।
_bদেশ প্রকাশন।
_c1999
300 _a8657 p.
650 _aBangla
650 _aগল্প।
700 _aআলম খোরশেদ।
999 _c4443
_d4443